[Event "Landesliga Ost MV 2014-15"]
[Site "Mecklenburg-Vorpommern"]
[Date "2015.03.15"]
[Round "7.3"]
[White "Kilp, Andreas"]
[Black "Wichert, Till"]
[Result "1/2-1/2"]
[WhiteElo "1632"]
[BlackElo "1411"]
[PlyCount "73"]
[EventType "team-tourn"]
[EventRounds "9"]
[EventCountry "GER"]
[SourceDate "2014.04.06"]
[WhiteTeam "SAV Torgelow-Droegeheide 90  II"]
[BlackTeam "SV Rugia Bergen"]

1. e4 e6 2. d4 d5 3. exd5 exd5 4. Bd3 Bd6 5. c3 Ne7 6. Qc2 Nd7 7. Bg5 h6 8. Bh4
c5 9. Nf3 Qc7 10. c4 cxd4 11. Bxe7 Bxe7 12. cxd5 Qxc2 13. Bxc2 Nf6 14. Ba4+ Bd7
15. Bxd7+ Kxd7 16. O-O Nxd5 17. Rd1 Rhd8 18. Nbd2 Ke8 19. Nxd4 Bf6 20. N2f3 Nf4
21. Kf1 Kf8 22. g3 Nd5 23. Rac1 a6 24. h4 Rac8 25. Nf5 Rxc1 26. Rxc1 Ne7 27.
Nxe7 Kxe7 28. Rc7+ Rd7 29. Rc2 Kd8 30. Ke2 Rc7 31. Rxc7 Kxc7 32. b3 Kd6 33. Nd2
Kd5 34. Kd3 b5 35. f3 Bd8 36. Ne4 f5 37. Nd2 1/2-1/2

[Event "Landesliga Ost MV 2014-15"]
[Site "Mecklenburg-Vorpommern"]
[Date "2015.03.15"]
[Round "7.4"]
[White "Burwitz, Joerg"]
[Black "Greinert, Timo"]
[Result "1-0"]
[WhiteElo "1676"]
[BlackElo "1785"]
[PlyCount "127"]
[EventType "team-tourn"]
[EventRounds "9"]
[EventCountry "GER"]
[SourceDate "2014.04.06"]
[WhiteTeam "SV Rugia Bergen"]
[BlackTeam "SAV Torgelow-Droegeheide 90  II"]

1. d4 d5 2. Nf3 c6 3. g3 Nf6 4. Bg2 Bf5 5. c4 dxc4 6. a4 e6 7. Nbd2 Bb4 8. O-O
Bxd2 9. Bxd2 Nbd7 10. Rc1 b5 11. Ne5 Nxe5 12. dxe5 Ne4 13. Be3 O-O 14. f3 Qc7
15. fxe4 Rfd8 16. Qc2 Qxe5 17. Qc3 Qxc3 18. Rxc3 Bg6 19. e5 Rac8 20. b3 cxb3
21. Rxb3 Bc2 22. Rc3 Bxa4 23. Bxa7 Rd2 24. Rxc6 Rxc6 25. Bxc6 Rxe2 26. Bb8 Rc2
27. Be8 f6 28. exf6 gxf6 29. Rxf6 Rc8 30. Bf7+ Kg7 31. Be5 Rc5 32. Bd4 Rd5 33.
Rf4+ Kh6 34. Bxe6 Rd6 35. Bf7 Bc2 36. Rf6+ Rxf6 37. Bxf6 b4 38. Kf2 b3 39. Ke3
Bd1 40. Kd2 Bc2 41. Kc3 Bd1 42. Bxb3 Bg4 43. Bf7 Bh3 44. Kd4 Bg4 45. Ke5 Bh3
46. Kf4 Bd7 47. Bg5+ Kg7 48. Bd5 Bc8 49. g4 Bd7 50. h4 Bc8 51. Bd8 Bd7 52. Ba5
Bc8 53. Bc3+ Kh6 54. g5+ Kh5 55. Kg3 Kg6 56. Be4+ Kh5 57. Bxh7 Bf5 58. Bg8 Bg6
59. Bd5 Be8 60. Bf3+ Kg6 61. Kf4 Bd7 62. h5+ Kf7 63. Be4 Kg8 64. h6 1-0

[Event "Landesliga Ost MV 2014-15"]
[Site "Mecklenburg-Vorpommern"]
[Date "2015.03.15"]
[Round "7.5"]
[White "Kasel, Alexander"]
[Black "Tabbert, Dirk"]
[Result "1/2-1/2"]
[WhiteElo "1550"]
[BlackElo "1629"]
[PlyCount "125"]
[EventType "team-tourn"]
[EventRounds "9"]
[EventCountry "GER"]
[SourceDate "2014.04.06"]
[WhiteTeam "SAV Torgelow-Droegeheide 90  II"]
[BlackTeam "SV Rugia Bergen"]

1. c4 f5 2. Nf3 Nf6 3. d4 e6 4. Nc3 Be7 5. e3 O-O 6. Bd3 d6 7. Qc2 Na6 8. a3
Bd7 9. Bd2 Qe8 10. h3 c6 11. g4 g6 12. gxf5 exf5 13. O-O-O Nc7 14. e4 fxe4 15.
Nxe4 Nxe4 16. Bxe4 d5 17. cxd5 cxd5 18. Qb3 Rc8 19. Bc2 b6 20. Rde1 Qf7 21. Ne5
Qe8 22. Nxd7 Qxd7 23. Qg3 Ne6 24. Bc3 Bf6 25. Qg4 Rfe8 26. f4 Rc7 27. f5 Nf8
28. fxg6 Rxe1+ 29. Rxe1 hxg6 30. Qf3 Bg5+ 31. Kb1 Qf7 32. Qxf7+ Kxf7 33. Re5
Be7 34. Bd2 Rd7 35. Bb3 Bf6 36. Rxd5 Rxd5 37. Bxd5+ Ne6 38. Be3 Ke7 39. Bxe6
Kxe6 40. Kc2 Kd5 41. Kd3 b5 42. b3 a6 43. Kc3 Be7 44. Bc1 Bf8 45. a4 Be7 46.
axb5 axb5 47. Kd3 Bf6 48. Be3 Bg7 49. Kc3 Bf8 50. Bg5 Bd6 51. Bf6 Ba3 52. Kd3
Bc1 53. h4 Bh6 54. Ke2 Ke4 55. Kf2 Be3+ 56. Kg3 Bxd4 57. Bxd4 Kxd4 58. Kg4 b4
59. Kg5 Kc3 60. Kxg6 Kxb3 61. h5 Kc4 62. h6 b3 63. h7 1/2-1/2

[Event "Landesliga Ost MV 2014-15"]
[Site "Mecklenburg-Vorpommern"]
[Date "2015.03.15"]
[Round "7.6"]
[White "Pawlowicz, Karsten"]
[Black "Schmidt, Paul"]
[Result "1-0"]
[WhiteElo "1592"]
[BlackElo "1451"]
[PlyCount "123"]
[EventType "team-tourn"]
[EventRounds "9"]
[EventCountry "GER"]
[SourceDate "2014.04.06"]
[WhiteTeam "SV Rugia Bergen"]
[BlackTeam "SAV Torgelow-Droegeheide 90  II"]

1. e4 c5 2. Nf3 d6 3. d4 cxd4 4. Nxd4 Nf6 5. Bd3 a6 6. c3 b5 7. a4 Bb7 8. axb5
Nxe4 9. bxa6 Nc5 10. Bb5+ Nbd7 11. Bc6 Bxc6 12. Nxc6 Qb6 13. Nb4 Nxa6 14. Be3
Qb7 15. Nxa6 Rxa6 16. Rxa6 Qxa6 17. Qe2 Qb7 18. O-O e6 19. b4 Be7 20. Nd2 Bf6
21. Bd4 Bxd4 22. cxd4 d5 23. b5 O-O 24. Nf3 Nf6 25. Ne5 Ne4 26. Rc1 Rb8 27. Nc6
Ra8 28. h3 Kf8 29. Qb2 g6 30. Ne5 Kg7 31. b6 Ra6 32. Rc7 Qxb6 33. Rxf7+ Kg8 34.
Qc1 Nd6 35. Qf4 Ra8 36. Rf6 Ne4 37. Rf7 Nd6 38. Rf6 Nc4 39. Rf7 Nd6 40. Re7 Nf5
41. Rf7 Nd6 42. Rd7 Nf5 43. Nf3 Rf8 44. Qe5 Rf7 45. Rxf7 Kxf7 46. Ng5+ Ke7 47.
Nxh7 Qxd4 48. Qc7+ Ke8 49. Ng5 Qa1+ 50. Kh2 Qf6 51. Qc8+ Ke7 52. Qc7+ Ke8 53.
Nf3 Nd4 54. Qb8+ Kf7 55. Ne5+ Kg7 56. Qc7+ Kg8 57. Nf3 Qg7 58. Qd8+ Qf8 59. Qg5
Qg7 60. Ne5 Kh7 61. Qh4+ Kg8 62. Qxd4 1-0

[Event "Landesliga Ost MV 2014-15"]
[Site "Mecklenburg-Vorpommern"]
[Date "2015.03.15"]
[Round "7.7"]
[White "Schmekel, Matthias"]
[Black "Behrens, Christoph"]
[Result "1-0"]
[WhiteElo "1425"]
[BlackElo "1634"]
[PlyCount "69"]
[EventType "team-tourn"]
[EventRounds "9"]
[EventCountry "GER"]
[SourceDate "2014.04.06"]
[WhiteTeam "SAV Torgelow-Droegeheide 90  II"]
[BlackTeam "SV Rugia Bergen"]

1. e4 e5 2. Nf3 Nc6 3. d4 exd4 4. Nxd4 Qe7 5. Nc3 g6 6. Be3 Bg7 7. Qd2 Nf6 8.
f3 O-O 9. O-O-O d6 10. h4 Be6 11. Bg5 Nxd4 12. Qxd4 h6 13. Be3 Ng4 14. Qd2 Nxe3
15. Qxe3 Bxc3 16. Qxc3 Rad8 17. Qe3 Kh7 18. h5 g5 19. f4 gxf4 20. Qxf4 Qg5 21.
g3 Rg8 22. Bd3 Kh8 23. Kb1 Qxf4 24. gxf4 Bg4 25. Rde1 Rde8 26. Bc4 Rg7 27. Rh2
Bf3 28. e5 dxe5 29. Rf2 e4 30. Rxf3 exf3 31. Rxe8+ Rg8 32. Rxg8+ Kxg8 33. Kc1
Kg7 34. Kd2 Kf6 35. Ke3 1-0

[Event "Landesliga Ost MV 2014-15"]
[Site "Mecklenburg-Vorpommern"]
[Date "2015.03.15"]
[Round "7.8"]
[White "Scheel, Manfred"]
[Black "Bollnow, Alex"]
[Result "1-0"]
[WhiteElo "1501"]
[BlackElo "1406"]
[PlyCount "63"]
[EventType "team-tourn"]
[EventRounds "9"]
[EventCountry "GER"]
[SourceDate "2014.04.06"]
[WhiteTeam "SV Rugia Bergen"]
[BlackTeam "SAV Torgelow-Droegeheide 90  II"]

1. e4 c5 2. Nf3 Nc6 3. c3 d5 4. exd5 Qxd5 5. Be2 g6 6. O-O Bg7 7. Na3 Nf6 8.
Bc4 Qd6 9. Qb3 O-O 10. d4 Na5 11. Qb5 Nxc4 12. Nxc4 Qc7 13. Qxc5 Qxc5 14. dxc5
Ne4 15. Be3 Be6 16. Ncd2 Nf6 17. Nd4 Bd5 18. h3 Rfd8 19. Rfe1 Nd7 20. N2b3 Rac8
21. Ne2 Ne5 22. Nf4 Bc4 23. Bd4 Nc6 24. Bxg7 Kxg7 25. Ne2 Ne5 26. Ned4 Kf6 27.
Nd2 Bd5 28. Ne4+ Bxe4 29. Rxe4 Rxc5 30. Rae1 e6 31. Nb3 Rc4 32. Rxe5 1-0

[Event "Landesliga Ost MV 2014-15"]
[Site "Mecklenburg-Vorpommern"]
[Date "2015.03.15"]
[Round "7.2"]
[White "Malchau, Jochen"]
[Black "Bugdahl, Felix"]
[Result "1-0"]
[WhiteElo "1597"]
[BlackElo "1603"]
[PlyCount "73"]
[EventType "team-tourn"]
[EventRounds "9"]
[EventCountry "GER"]
[SourceDate "2014.04.06"]
[WhiteTeam "Greifswalder SV  II"]
[BlackTeam "SG Eintracht Neubrandenburg  III"]

1. d4 Nf6 2. c4 g6 3. Nc3 d5 4. cxd5 Nxd5 5. e4 Nxc3 6. bxc3 Bg7 7. Qa4+ Bd7 8.
Qa3 O-O 9. Bg5 f6 10. Bh4 Nc6 11. Bc4+ Kh8 12. Ne2 e5 13. d5 Ne7 14. f3 g5 15.
Bf2 f5 16. Bc5 Bf6 17. O-O-O b6 18. Bxe7 Bxe7 19. Qb3 a5 20. Bb5 a4 21. Qb1 Bc5
22. Rhf1 Be3+ 23. Kc2 Bxb5 24. Qxb5 Ra5 25. Qd3 f4 26. Rb1 Qd6 27. Rb2 Rb8 28.
Rfb1 c6 29. c4 Rc5 30. Rxb6 Rxb6 31. Rxb6 Rxc4+ 32. Qxc4 Bxb6 33. Qxc6 Qxc6+
34. dxc6 h5 35. h3 Kg7 36. Nc3 Kf6 37. Nd5+ 1-0

[Event "Landesliga Ost MV 2014-15"]
[Site "Mecklenburg-Vorpommern"]
[Date "2015.03.15"]
[Round "7.3"]
[White "Peters, Hans Joachim"]
[Black "Fasold, Gunnar"]
[Result "1-0"]
[WhiteElo "1714"]
[BlackElo "1575"]
[PlyCount "101"]
[EventType "team-tourn"]
[EventRounds "9"]
[EventCountry "GER"]
[SourceDate "2014.04.06"]
[WhiteTeam "SG Eintracht Neubrandenburg  III"]
[BlackTeam "Greifswalder SV  II"]

1. e4 e6 2. d4 d5 3. Nc3 Nf6 4. Bg5 Be7 5. e5 Nfd7 6. Bxe7 Qxe7 7. Nf3 a6 8.
Bd3 c5 9. dxc5 Nxc5 10. O-O Nc6 11. Re1 Qc7 12. Qd2 O-O 13. a3 b5 14. Qe3 Qe7
15. Ne2 Bd7 16. c3 Nxd3 17. Qxd3 f6 18. Ned4 Nd8 19. Re2 f5 20. Qe3 Be8 21. Rd2
h6 22. Nb3 Rc8 23. Re1 g5 24. Nfd4 Rf7 25. f4 gxf4 26. Qxf4 Qg5 27. Rf2 Rg7 28.
Re3 Qxf4 29. Rxf4 h5 30. Rff3 Bg6 31. Rf2 Kf7 32. Nf3 Bh7 33. Nbd4 Ke7 34. Ne1
Nc6 35. Nxc6+ Rxc6 36. Rh3 Bg6 37. Nf3 Bf7 38. Nd4 Rc8 39. Ne2 Rc4 40. Nd4 Kd7
41. Rff3 Rc8 42. Rfg3 Rcg8 43. Rxg7 Rxg7 44. Kf2 Rg4 45. Re3 Bg6 46. Rg3 Be8
47. Rxg4 fxg4 48. Ke3 Ke7 49. Kf4 a5 50. Kg5 Kd7 51. Kf6 1-0

[Event "Landesliga Ost MV 2014-15"]
[Site "Mecklenburg-Vorpommern"]
[Date "2015.03.15"]
[Round "7.4"]
[White "Zimmermann, Bernd"]
[Black "Buenz, Heinrich"]
[Result "1/2-1/2"]
[WhiteElo "1637"]
[BlackElo "1609"]
[PlyCount "110"]
[EventType "team-tourn"]
[EventRounds "9"]
[EventCountry "GER"]
[SourceDate "2014.04.06"]
[WhiteTeam "Greifswalder SV  II"]
[BlackTeam "SG Eintracht Neubrandenburg  III"]

1. e4 e5 2. Nf3 Nc6 3. Bb5 d6 4. c3 Bd7 5. O-O Nf6 6. Re1 Be7 7. d4 exd4 8.
cxd4 O-O 9. Nc3 Bg4 10. Be2 h6 11. h3 Bh5 12. Bf4 Re8 13. Rc1 Bg6 14. Bd3 Nb4
15. Bb1 Nh5 16. Bh2 Bg5 17. Nxg5 Qxg5 18. a3 Na6 19. b4 Rad8 20. b5 Nb8 21. Nd5
c6 22. f4 Qh4 23. f5 Bxf5 24. Nc7 Re7 25. exf5 Rxc7 26. bxc6 Rxc6 27. Rxc6 Nxc6
28. Re4 Qg5 29. h4 Qf6 30. Qxh5 Nxd4 31. Qd1 Nxf5 32. Qe1 g6 33. Re8+ Rxe8 34.
Qxe8+ Kg7 35. Bxf5 gxf5 36. Qe3 Qxh4 37. Bxd6 a6 38. Qc3+ Kg6 39. Bf8 Kh5 40.
Qf3+ Kg5 41. Qe3+ Kg6 42. Qc3 f6 43. Qe3 Qg5 44. Qe8+ Kh7 45. Qf7+ Kh8 46. Bd6
Qg7 47. Qe8+ Kh7 48. Bf8 Qg6 49. Qe7+ Kh8 50. Qd8 Kh7 51. Bb4 Qg7 52. Qe7 Kg6
53. Qe3 Kh5 54. Qf3+ Kg6 55. Qf4 Kh7 1/2-1/2

[Event "Landesliga Ost MV 2014-15"]
[Site "Mecklenburg-Vorpommern"]
[Date "2015.03.15"]
[Round "7.5"]
[White "Hollender, Dirk"]
[Black "Kriese, Ralf"]
[Result "1/2-1/2"]
[WhiteElo "1672"]
[BlackElo "1656"]
[PlyCount "71"]
[EventType "team-tourn"]
[EventRounds "9"]
[EventCountry "GER"]
[SourceDate "2014.04.06"]
[WhiteTeam "SG Eintracht Neubrandenburg  III"]
[BlackTeam "Greifswalder SV  II"]

1. e4 e6 2. d3 d5 3. Nd2 Nf6 4. Ngf3 c5 5. g3 Nc6 6. Bg2 d4 7. O-O Qc7 8. Qe2
e5 9. a4 g6 10. Nc4 Bg7 11. Nh4 O-O 12. f4 Be6 13. Nxe5 Nxe5 14. fxe5 Nd7 15.
Nf3 Nxe5 16. Bf4 Nxf3+ 17. Qxf3 Be5 18. h4 h5 19. Bxe5 Qxe5 20. Qf4 Qxf4 21.
gxf4 Rae8 22. a5 f6 23. Bf3 Kg7 24. Kh2 Bg4 25. Bxg4 hxg4 26. Kg3 f5 27. e5 Re6
28. Rfb1 Rc8 29. Ra2 Ra6 30. b3 b5 31. b4 c4 32. Rd1 c3 33. Raa1 Re6 34. Rh1
Rh8 35. Rh2 a6 36. Rah1 1/2-1/2

[Event "Landesliga Ost MV 2014-15"]
[Site "Mecklenburg-Vorpommern"]
[Date "2015.03.15"]
[Round "7.6"]
[White "Lichtnau, Ulrike"]
[Black "Friedrich, Joerg"]
[Result "1/2-1/2"]
[WhiteElo "1467"]
[BlackElo "1657"]
[PlyCount "59"]
[EventType "team-tourn"]
[EventRounds "9"]
[EventCountry "GER"]
[SourceDate "2014.04.06"]
[WhiteTeam "Greifswalder SV  II"]
[BlackTeam "SG Eintracht Neubrandenburg  III"]

1. e4 c5 2. Nf3 Nc6 3. d4 cxd4 4. Nxd4 e5 5. Nf3 f5 6. Bc4 Nf6 7. Ng5 d5 8.
exd5 Qa5+ 9. Bd2 Qc5 10. dxc6 Qxc4 11. Nf3 Qxc6 12. Nc3 e4 13. Nd4 Qb6 14. Bf4
Bb4 15. Qd2 Bd7 16. a3 Bc5 17. O-O-O O-O 18. f3 Rac8 19. fxe4 fxe4 20. Be5 Ng4
21. Qg5 Nxe5 22. Qxe5 Kh8 23. Nd5 Qh6+ 24. Kb1 Bd6 25. Qxe4 Bc5 26. h3 Rce8 27.
Qd3 Rd8 28. Nc3 Bc6 29. Qc4 Bxd4 30. Rxd4 1/2-1/2

[Event "Landesliga Ost MV 2014-15"]
[Site "Mecklenburg-Vorpommern"]
[Date "2015.03.15"]
[Round "7.7"]
[White "Stock, Joachim"]
[Black "Wucherer, Walter"]
[Result "1-0"]
[WhiteElo "1540"]
[BlackElo "1312"]
[PlyCount "83"]
[EventType "team-tourn"]
[EventRounds "9"]
[EventCountry "GER"]
[SourceDate "2014.04.06"]
[WhiteTeam "SG Eintracht Neubrandenburg  III"]
[BlackTeam "Greifswalder SV  II"]

1. e4 e6 2. Nf3 c5 3. d4 d5 4. exd5 exd5 5. dxc5 Bxc5 6. Qe2+ Qe7 7. c3 Be6 8.
Nbd2 Nf6 9. Nb3 Bb6 10. Bg5 h6 11. Bh4 O-O 12. O-O-O Nc6 13. Ne5 Bc7 14. Nd3
Rac8 15. Qf3 Bg4 16. Qxg4 g5 17. Bxg5 hxg5 18. Qxg5+ Kh8 19. g3 Rg8 20. Qh6+
Nh7 21. Qe3 Qf6 22. f4 d4 23. Nxd4 Bb6 24. Kb1 Nxd4 25. cxd4 Bxd4 26. Qd2 Qc6
27. Bg2 Qb6 28. Ne5 Bxe5 29. fxe5 Rgd8 30. Qe2 Re8 31. Rhe1 Qc5 32. Rc1 Qb6 33.
Rxc8 Rxc8 34. Be4 Qc7 35. Bxh7 Kxh7 36. a3 Re8 37. Qc2+ Qxc2+ 38. Kxc2 f6 39.
Kd3 fxe5 40. Ke4 Rd8 41. Re2 Kg6 42. Rf2 1-0

[Event "Landesliga Ost MV 2014-15"]
[Site "Mecklenburg-Vorpommern"]
[Date "2015.03.15"]
[Round "7.1"]
[White "Voelschow, Siegfried"]
[Black "Stoevesand, Eric"]
[Result "1/2-1/2"]
[WhiteElo "1957"]
[BlackElo "1944"]
[PlyCount "30"]
[EventType "team-tourn"]
[EventRounds "9"]
[EventCountry "GER"]
[SourceDate "2014.04.06"]
[WhiteTeam "SV Waterkant Saal"]
[BlackTeam "SG Eintracht Neubrandenburg  "]

1. e4 e5 2. Bc4 Nf6 3. Nf3 Nxe4 4. Nc3 Nxc3 5. dxc3 Be7 6. Nxe5 O-O 7. Qh5 Qe8
8. O-O d6 9. Nf3 Nd7 10. Re1 Nf6 11. Qh4 d5 12. Bd3 Qd8 13. Bg5 h6 14. Rxe7
hxg5 15. Nxg5 Qxe7 1/2-1/2

[Event "Landesliga Ost MV 2014-15"]
[Site "Mecklenburg-Vorpommern"]
[Date "2015.03.15"]
[Round "7.2"]
[White "Stoevesand, Peter"]
[Black "Onasch, Gunnar"]
[Result "1/2-1/2"]
[WhiteElo "1864"]
[BlackElo "1821"]
[PlyCount "33"]
[EventType "team-tourn"]
[EventRounds "9"]
[EventCountry "GER"]
[SourceDate "2014.04.06"]
[WhiteTeam "SG Eintracht Neubrandenburg  "]
[BlackTeam "SV Waterkant Saal"]

1. e4 d5 2. exd5 Nf6 3. Nf3 Nxd5 4. d4 Bg4 5. Be2 e6 6. O-O Be7 7. Be3 O-O 8.
h3 Bf5 9. c3 Nd7 10. Re1 Nxe3 11. fxe3 c5 12. Bd3 Bxd3 13. Qxd3 cxd4 14. exd4
Bf6 15. Nbd2 g6 16. Kh1 Rc8 17. Ne4 1/2-1/2

[Event "Landesliga Ost MV 2014-15"]
[Site "Mecklenburg-Vorpommern"]
[Date "2015.03.15"]
[Round "7.3"]
[White "Wiese, Frank"]
[Black "Hartung, Lothar"]
[Result "1-0"]
[WhiteElo "1875"]
[BlackElo "1791"]
[PlyCount "113"]
[EventType "team-tourn"]
[EventRounds "9"]
[EventCountry "GER"]
[SourceDate "2014.04.06"]
[WhiteTeam "SV Waterkant Saal"]
[BlackTeam "SG Eintracht Neubrandenburg  "]

1. d4 Nf6 2. c4 e5 3. dxe5 Ng4 4. Bf4 Nc6 5. Nf3 Bb4+ 6. Nbd2 Qe7 7. e3 Ngxe5
8. Nxe5 Nxe5 9. Be2 c6 10. a3 Ba5 11. O-O Ng6 12. Bg3 O-O 13. Nb3 Qd8 14. Nxa5
Qxa5 15. b4 Qg5 16. c5 b6 17. Qd4 bxc5 18. bxc5 Re8 19. Bc4 Ne7 20. e4 Ng6 21.
Rae1 Nf4 22. Qe3 Ne6 23. Bxe6 Qxe3 24. Bxf7+ Kxf7 25. Rxe3 a5 26. a4 Ra7 27.
Rb1 Ba6 28. f3 Bc4 29. Rc3 Be6 30. Rc2 g6 31. Kf2 g5 32. h3 Kg6 33. Rcb2 Raa8
34. Rb7 Rec8 35. Bd6 h5 36. Ke3 Kh6 37. h4 gxh4 38. Rh1 Rg8 39. Kf2 h3 40. gxh3
Rg7 41. Bf4+ Kh7 42. h4 Rf7 43. Bg5 Bg4 44. f4 Re8 45. Re1 Ra8 46. Ke3 Kg7 47.
Kd4 Kg8 48. Reb1 Kg7 49. f5 Re8 50. Bf4 Bf3 51. Be5+ Kh7 52. Rb8 Rff8 53. Rxe8
Rxe8 54. Rb7 Bd1 55. Rxd7+ Kg8 56. Rg7+ Kf8 57. f6 1-0

[Event "Landesliga Ost MV 2014-15"]
[Site "Mecklenburg-Vorpommern"]
[Date "2015.03.15"]
[Round "7.4"]
[White "Pruesse, Horst"]
[Black "Richter, Frank"]
[Result "1-0"]
[WhiteElo "1994"]
[BlackElo "1730"]
[PlyCount "55"]
[EventType "team-tourn"]
[EventRounds "9"]
[EventCountry "GER"]
[SourceDate "2014.04.06"]
[WhiteTeam "SG Eintracht Neubrandenburg  "]
[BlackTeam "SV Waterkant Saal"]

1. e4 c6 2. d4 d5 3. e5 Bf5 4. g4 Bg6 5. h4 h6 6. h5 Be4 7. f3 Bh7 8. e6 Qd6 9.
exf7+ Kxf7 10. f4 Be4 11. Rh3 e6 12. Nc3 Bh7 13. Bd3 Bxd3 14. Qxd3 Ne7 15. Nf3
Nd7 16. Be3 Ke8 17. O-O-O Kd8 18. Ne5 Nxe5 19. dxe5 Qc7 20. Rf3 b6 21. f5 exf5
22. gxf5 Qxe5 23. Bd4 Qd6 24. f6 gxf6 25. Rxf6 Qd7 26. Be5 Nc8 27. Qf3 Be7 28.
Nxd5 1-0

[Event "Landesliga Ost MV 2014-15"]
[Site "Mecklenburg-Vorpommern"]
[Date "2015.03.15"]
[Round "7.5"]
[White "Nickel, Reimo"]
[Black "Rossmann, Andreas"]
[Result "1/2-1/2"]
[WhiteElo "1751"]
[BlackElo "1941"]
[PlyCount "89"]
[EventType "team-tourn"]
[EventRounds "9"]
[EventCountry "GER"]
[SourceDate "2014.04.06"]
[WhiteTeam "SV Waterkant Saal"]
[BlackTeam "SG Eintracht Neubrandenburg  "]

1. d4 Nf6 2. c4 e6 3. Nf3 d5 4. cxd5 exd5 5. Bg5 Be7 6. e3 O-O 7. Ne5 c6 8. Bd3
h6 9. Bh4 Nbd7 10. Nxd7 Bxd7 11. Nd2 Re8 12. h3 Qb6 13. Qb3 Qxb3 14. Nxb3 Bb4+
15. Nd2 Ne4 16. Bxe4 Rxe4 17. Bg3 Ree8 18. O-O-O Bf5 19. Nb3 a5 20. a3 Bf8 21.
Bc7 a4 22. Nc5 b5 23. g4 Bg6 24. Bf4 Bxc5 25. dxc5 Re4 26. Rd4 Rae8 27. Kd2 h5
28. Rg1 Kh7 29. g5 Bf5 30. Rxe4 Rxe4 31. h4 Bg4 32. Rc1 Bf3 33. Rg1 Bg4 34. Rf1
Bf3 35. Rg1 Re8 36. Kc3 Kg6 37. Kd2 Kf5 38. Rg3 Ke4 39. Bd6 Bg4 40. Bc7 Re7 41.
Ba5 Re5 42. Bc3 Rf5 43. f4 g6 44. Be5 Bf3 45. Bd4 1/2-1/2

[Event "Landesliga Ost MV 2014-15"]
[Site "Mecklenburg-Vorpommern"]
[Date "2015.03.15"]
[Round "7.6"]
[White "Baier, Karsten"]
[Black "Ehmann, Roland"]
[Result "1-0"]
[WhiteElo "1860"]
[BlackElo "1546"]
[PlyCount "51"]
[EventType "team-tourn"]
[EventRounds "9"]
[EventCountry "GER"]
[SourceDate "2014.04.06"]
[WhiteTeam "SG Eintracht Neubrandenburg  "]
[BlackTeam "SV Waterkant Saal"]

1. d4 d5 2. Nf3 e6 3. c4 c6 4. e3 f5 5. Ne5 Nf6 6. Bd3 Bd6 7. f4 O-O 8. Nd2 Ne4
9. Bxe4 fxe4 10. O-O Nd7 11. Nxd7 Bxd7 12. c5 Bc7 13. b4 a5 14. bxa5 Bxa5 15.
Nb3 Bc3 16. Rb1 Rxa2 17. Bd2 Bxd2 18. Nxd2 Qa8 19. Rf2 Rb8 20. Nf1 Rxf2 21.
Kxf2 Qa2+ 22. Kg1 Bc8 23. Ra1 Qb2 24. Ra7 b5 25. Qh5 g6 26. Qxh7+ 1-0

[Event "Landesliga Ost MV 2014-15"]
[Site "Mecklenburg-Vorpommern"]
[Date "2015.03.15"]
[Round "7.7"]
[White "Nickel, Udo"]
[Black "Winkler, Karl"]
[Result "0-1"]
[WhiteElo "1703"]
[BlackElo "1811"]
[PlyCount "44"]
[EventType "team-tourn"]
[EventRounds "9"]
[EventCountry "GER"]
[SourceDate "2014.04.06"]
[WhiteTeam "SV Waterkant Saal"]
[BlackTeam "SG Eintracht Neubrandenburg  "]

1. d4 Nf6 2. Nf3 e6 3. c4 Bb4+ 4. Bd2 Bxd2+ 5. Nbxd2 c5 6. dxc5 Qa5 7. e3 Qxc5
8. Nb3 Qb4+ 9. Nfd2 Nc6 10. a3 Qe7 11. g3 b6 12. Bg2 O-O 13. Rc1 Bb7 14. O-O
Rfd8 15. Qc2 Rac8 16. Qb1 d5 17. c5 Ba6 18. Rfe1 Ne5 19. Bf1 Bxf1 20. Kxf1 bxc5
21. Kg1 c4 22. Nd4 Nd3 0-1

[Event "Landesliga Ost MV 2014-15"]
[Site "Mecklenburg-Vorpommern"]
[Date "2015.03.15"]
[Round "7.8"]
[White "Zibell, Walter"]
[Black "Hiltner, Harald"]
[Result "1-0"]
[WhiteElo "1811"]
[BlackElo "1513"]
[PlyCount "51"]
[EventType "team-tourn"]
[EventRounds "9"]
[EventCountry "GER"]
[SourceDate "2014.04.06"]
[WhiteTeam "SG Eintracht Neubrandenburg  "]
[BlackTeam "SV Waterkant Saal"]

1. d4 d5 2. c4 e6 3. Nf3 Nf6 4. Bg5 Be7 5. e3 Nc6 6. Nc3 O-O 7. Bd3 dxc4 8.
Bxc4 Nd5 9. Bxe7 Ncxe7 10. Ne4 c6 11. O-O Nf5 12. Rc1 Nd6 13. Bd3 Nxe4 14. Bxe4
Qe7 15. Bb1 f6 16. Qd3 g6 17. g3 f5 18. Ne5 Nf6 19. a3 Nd7 20. Nc4 b6 21. Ba2
Rd8 22. Qb3 Ba6 23. Rfd1 Bxc4 24. Qxc4 Nf8 25. Qxc6 Qd6 26. Qb7 1-0

[Event "Landesliga Ost MV 2014-15"]
[Site "Mecklenburg-Vorpommern"]
[Date "2015.03.15"]
[Round "7.1"]
[White "Luethke, Hans Eckart"]
[Black "Jeske, Holger"]
[Result "1/2-1/2"]
[WhiteElo "2121"]
[BlackElo "1833"]
[PlyCount "40"]
[EventType "team-tourn"]
[EventRounds "9"]
[EventCountry "GER"]
[SourceDate "2014.04.06"]
[WhiteTeam "SSC Graal-Mueritz"]
[BlackTeam "SSC Rostock 07  III"]

1. e4 e6 2. Nf3 d5 3. Nc3 d4 4. Ne2 c5 5. c3 dxc3 6. bxc3 Bd7 7. Ng3 Nc6 8. Be2
Bd6 9. d4 cxd4 10. cxd4 Bb4+ 11. Bd2 Qa5 12. a3 Bxd2+ 13. Qxd2 Qxd2+ 14. Kxd2
Nge7 15. Rab1 b6 16. Rhc1 O-O 17. Ba6 Rad8 18. Ke1 Bc8 19. Bxc8 Rxc8 20. Ne2
Na5 1/2-1/2

[Event "Landesliga Ost MV 2014-15"]
[Site "Mecklenburg-Vorpommern"]
[Date "2015.03.15"]
[Round "7.3"]
[White "Schulz, Wolf Detlef"]
[Black "Moritz, Hartmut"]
[Result "0-1"]
[WhiteElo "1821"]
[BlackElo "1831"]
[PlyCount "118"]
[EventType "team-tourn"]
[EventRounds "9"]
[EventCountry "GER"]
[SourceDate "2014.04.06"]
[WhiteTeam "SSC Graal-Mueritz"]
[BlackTeam "SSC Rostock 07  III"]

1. e4 e6 2. f4 d5 3. e5 c5 4. Nf3 Nc6 5. c3 Nge7 6. Na3 Nf5 7. Nc2 Be7 8. Bd3
f6 9. Bxf5 exf5 10. d4 O-O 11. O-O b6 12. Ne3 fxe5 13. Nxe5 Nxe5 14. fxe5 cxd4
15. cxd4 f4 16. Ng4 Qd7 17. h3 g5 18. Qf3 Kg7 19. Nf2 Ba6 20. Rd1 Rac8 21. Bd2
Rc2 22. Rab1 Qf5 23. Rbc1 Rfc8 24. Rxc2 Rxc2 25. Qxd5 Be2 26. Rc1 Rxc1+ 27.
Bxc1 Qc2 28. Qd7 Qxc1+ 29. Kh2 Kf8 30. Qf5+ Ke8 31. Qxh7 f3 32. Qg8+ Kd7 33.
Qd5+ Kc7 34. Ne4 fxg2 35. Kxg2 Qf1+ 36. Kh2 Qf4+ 37. Ng3 Qf2+ 38. Qg2 Qxg2+ 39.
Kxg2 Kc6 40. Kf2 Bd3 41. Ke3 Bb1 42. a3 Kd5 43. Ne2 Bf5 44. Nc3+ Ke6 45. Nb5 a5
46. Nc7+ Kd7 47. Nd5 Bd8 48. Kf3 Bxh3 49. Ne3 Kc6 50. Ke4 b5 51. Kf3 a4 52. Kg3
Be6 53. Kf3 Bd5+ 54. Ke2 Be4 55. Kd2 Ba5+ 56. Ke2 Bb6 57. d5+ Bxd5 58. Nf5 Bc4+
59. Kd2 Kd5 0-1

[Event "Landesliga Ost MV 2014-15"]
[Site "Mecklenburg-Vorpommern"]
[Date "2015.03.15"]
[Round "7.4"]
[White "Mueller, Michael"]
[Black "Schumann, Lutz"]
[Result "1-0"]
[WhiteElo "1794"]
[BlackElo "1735"]
[PlyCount "53"]
[EventType "team-tourn"]
[EventRounds "9"]
[EventCountry "GER"]
[SourceDate "2014.04.06"]
[WhiteTeam "SSC Rostock 07  III"]
[BlackTeam "SSC Graal-Mueritz"]

1. d4 Nf6 2. Bg5 Ne4 3. Bf4 d5 4. f3 Nd6 5. e4 dxe4 6. Nc3 exf3 7. Nxf3 c6 8.
Bd3 e6 9. Ng5 Be7 10. h4 Nd7 11. Nxe6 fxe6 12. Bxd6 Bxd6 13. Qh5+ Kf8 14. Ne4
Be7 15. O-O+ Nf6 16. Ng5 Qe8 17. Nxh7+ Rxh7 18. Qxh7 Qf7 19. Qh8+ Qg8 20. Qh5
Bd7 21. g4 g6 22. Qe5 Be8 23. g5 Rd8 24. gxf6 Bd6 25. f7 Bxf7 26. Qxe6 Kg7 27.
Qf6+ 1-0